|
|
|
|
| LEADER |
01707cas a2200241 a 4500 |
| 001 |
AALejournalIMF020360 |
| 008 |
230101c9999 xx r poo 0 0eng d |
| 020 |
|
|
|c 5.00 USD
|
| 020 |
|
|
|z 9781498340403
|
| 022 |
|
|
|a 2663-3493
|
| 040 |
|
|
|a BD-DhAAL
|c BD-DhAAL
|
| 110 |
2 |
|
|a International Monetary Fund.
|
| 245 |
1 |
0 |
|a 2011 Review of Conditionality :
|b Design of Fund-Supported Programs.
|
| 264 |
|
1 |
|a Washington, D.C. :
|b International Monetary Fund,
|c 2012.
|
| 300 |
|
|
|a 1 online resource (71 pages)
|
| 490 |
1 |
|
|a Policy Papers
|
| 500 |
|
|
|a <strong>Off-Campus Access:</strong> No User ID or Password Required
|
| 500 |
|
|
|a <strong>On-Campus Access:</strong> No User ID or Password Required
|
| 506 |
|
|
|a Electronic access restricted to authorized BRAC University faculty, staff and students
|
| 520 |
3 |
|
|a Design of Fund-supported programs aims to address country specific needs while remaining even-handed and consistent with Fund policy. This paper examines the extent to which program design and conditionality have been appropriate in pursuing these goals, by seeking to answer several questions: has program design been consistent and evenhanded; has it addressed country specific needs and objectives appropriately; has it been based on reasonably good macroeconomic projections; and has it been flexible in the face of evolving country circumstances. The description and analysis focuses on the period between 2006 and September 2011, with some attention to the 2002-05 period.
|
| 538 |
|
|
|a Mode of access: Internet
|
| 830 |
|
0 |
|a Policy Papers; Policy Paper ;
|v No. 2012/043
|
| 856 |
4 |
0 |
|z Full text available on IMF
|u http://elibrary.imf.org/view/journals/007/2012/043/007.2012.issue-043-en.xml
|z IMF e-Library
|